Parallel information processing (Record no. 53111)

MARC details
000 -LEADER
fixed length control field 00497nam a2200145 a 4500
008 - FIXED-LENGTH DATA ELEMENTS--GENERAL INFORMATION
fixed length control field 120416s1996 ||||||||||||||||| || u
020 ## - INTERNATIONAL STANDARD BOOK NUMBER
International Standard Book Number 0748723250
050 ## - LIBRARY OF CONGRESS CALL NUMBER
Classification number QA 76.55 Par
100 ## - MAIN ENTRY--PERSONAL NAME
Personal name Keane, J. A
245 10 - TITLE STATEMENT
Title Parallel information processing
246 ## - VARYING FORM OF TITLE
Title proper/short title J. A. Keane
260 ## - PUBLICATION, DISTRIBUTION, ETC.
Place of publication, distribution, etc. Cheltenham
Name of publisher, distributor, etc. Stanley Thornes
Date of publication, distribution, etc. 1996
350 ## - PRICE (NR) (BK AM CF MU VM SE) [OBSOLETE]
Price 0.00
995 ## - RECOMMENDATION 995 [LOCAL, UNIMARC FRANCE]
-- 0.00
-- CBU-MAIN LIBRARY (Kitwe)
-- 1
-- 0.00
-- 1
-- LOST
-- Main Library Open Access Collection
Holdings
Withdrawn status Lost status Source of classification or shelving scheme Damaged status Not for loan Home library Current library Shelving location Date acquired Total Checkouts Full call number Barcode Date last seen Price effective from Koha item type
          CBU-MAIN LIBRARY, KITWE. CBU-MAIN LIBRARY, KITWE.   11/30/2022   QA 76.55 Par 730471 11/30/2022 11/30/2022 MONOGRAPH